000 00744nam a2200253Ia 4500
003 OSt
005 20221005130435.0
006 a|||||r|||| 00| 0
007 ta
008 221004b |||||||| |||| 00| 0 eng d
024 _a26280
037 _cTextual
040 _aCRL
_cCRL
_beng
041 _2eng
_aeng
082 _aV2,8:3.N67t, K7
110 _aINDIA, ADMINISTRATIVE REFORMS COMMISSION
245 0 _aReport of the study team
_b Machinery of the government of India and its procedures of work. Part 1
260 _c1967
300 _a160p.
_ccm.
650 _aARCHIVES - INDIA
_9638147
700 _aINDIA, ADMINISTRATIVE REFORMS COMMISSION
942 _hV2,8:3.N67t, K7
_cTEXL
_2cc
999 _c1057224
_d1057224